The Bridge of Light.

Bibliographic Details
Main Author: Verrill, A. Hyatt (Alpheus Hyatt), 1871-1954
Format: Book
Language:English
Published: Reading, Pa. : Fantasy Press, 1950.
Edition:[1st ed.].

MARC

Tag First Indicator Second Indicator Subfields
LEADER 00000cam a2200000 4500
001 in00000710331
005 20170328110848.0
008 760527s1950 pau 00001 eng
010 |a  50008738  
035 |a (OCoLC)02198230 
035 |9 ADE0054AM 
040 |a DLC  |c FHM  |d TXA  |d UtOrBLW 
049 |a TXAM [Also in] [Sp Coll]  |c 1 [421897]  |a TXAS  |c 2 [1700427] 
050 0 0 |a PZ3.V6123  |b Br 
050 4 |a PS3543.E57  |b B75 
090 |a PS3543.E57  |b B75 1950 
100 1 |a Verrill, A. Hyatt  |q (Alpheus Hyatt),  |d 1871-1954. 
245 1 4 |a The Bridge of Light. 
250 |a [1st ed.]. 
264 1 |a Reading, Pa. :  |b Fantasy Press,  |c 1950. 
300 |a 248 pages ;  |c 20 cm. 
336 |a text  |b txt  |2 rdacontent 
337 |a unmediated  |b n  |2 rdamedia 
338 |a volume  |b nc  |2 rdacarrier 
999 |a MARS 
999 f f |s 62811e08-10d7-39e3-85bf-2e9429ba26b7  |i 5b83b16c-7192-3367-a20d-3339224335de  |t 0 
952 f f |p ric  |a Texas A&M University  |b Rellis Campus  |c Joint Library Facility  |d Remote Storage  |t 0  |e PS3543.E57 B75 1950  |h Library of Congress classification  |i unmediated -- volume  |m A14804291781 
952 f f |p noncirc  |a Texas A&M University  |b College Station  |c Cushing Memorial Library & Archives  |d Cushing: Science Fiction (Does not check out)  |t 0  |e PZ3.V6123 Br  |h Library of Congress classification  |i unmediated -- volume  |m A14800430676 
998 f f |a PZ3.V6123 Br  |t 0  |l Cushing: Science Fiction (Does not check out) 
998 f f |a PS3543.E57 B75 1950  |t 0  |l Remote Storage